000 00612 a2200181 4500
999 _c4192
_d4192
010 _aENG-86122
020 _a8120331785
_c295.00
035 _aEN-69655
037 _bDBAD / PUB
082 1 4 _a155.418
100 1 _aMunger, Richard L.
245 1 _aChanging children's behaviour :
_cby Richard L. Munger
_bby changing the people, places, and activities in their lives /
260 _aNew Delhi
_bPrentice Hall of India
_c2007
270 _aM-97, Cannaught Circus,
_bNew Delhi
_e110 001
300 _axvi 296 p.
_c22cm. (Pbk.)
500 _aIncludes index
942 _adpl
_cEN
_2ddc
_h155.418
_mMUN